[Event "European Rapid 2014"]
[Site "Wroclaw POL"]
[Date "2014.12.20"]
[Round "7.48"]
[White "Dzierzak, Radoslaw"]
[Black "Mkrtchian, Lilit"]
[Result "0-1"]
[BlackTitle "IM"]
[WhiteElo "2109"]
[BlackElo "2450"]
[WhiteFideId "1161407"]
[BlackFideId "13300601"]
[EventDate "2014.12.20"]

1. e4 e6 2. d4 d5 3. Nd2 Be7 4. Bd3 c5 5. dxc5 Nf6 6. Ngf3 dxe4 7. Nxe4 Nxe4 8.
Bxe4 Qxd1+ 9. Kxd1 Bxc5 10. Ke2 Nd7 11. Be3 Bxe3 12. Kxe3 Nc5 13. Rad1 Ke7 14.
c3 Nxe4 15. Kxe4 Bd7 16. Ne5 Be8 17. Rd4 f6 18. Nc4 e5 19. Rd2 Bc6+ 20. Ke3 Rhd8
21. f3 Bd5 22. Na5 b6 23. Rhd1 Bxf3 24. gxf3 bxa5 25. Rd5 a4 26. R1d3 Rxd5 27.
Rxd5 a5 28. Rb5 Ra7 29. Ke4 Kd6 30. Rb6+ Kc5 31. Rb8 Rd7 32. Ra8 Kb6 33. Rb8+
Kc6 34. Rc8+ Kb7 35. Rh8 Rd2 36. Rxh7 Rxb2 37. Rxg7+ Kc6 38. h4 Rxa2 39. Kd3 Rf2
40. Ke3 Rh2 41. Rg6 a3 42. Rxf6+ Kb5 43. Rg6 a2 44. Rg1 Rxh4 45. Kd3 Rh2 46. Ra1
Ka4 47. c4 Kb3 48. c5 Kb2 0-1

[Event "European Rapid 2014"]
[Site "Wroclaw POL"]
[Date "2014.12.20"]
[Round "7.49"]
[White "Ladva, Ottomar"]
[Black "Caprino, Marco"]
[Result "1-0"]
[WhiteTitle "FM"]
[WhiteElo "2404"]
[BlackElo "2071"]
[WhiteFideId "4500024"]
[BlackFideId "841323"]
[EventDate "2014.12.20"]

1. d4 c5 2. d5 b5 3. e4 Qa5+ 4. Bd2 Qb6 5. c4 a6 6. Nf3 d6 7. a4 b4 8. Bd3 Bg4
9. h3 Bxf3 10. Qxf3 Nd7 11. O-O g6 12. b3 Bg7 13. Ra2 Ne5 14. Qe2 Nf6 15. f4
Nxd3 16. Qxd3 O-O-O 17. Be3 Rhe8 18. Nd2 Nd7 19. Nf3 h6 20. Raf2 Qc7 21. Kh1 a5
22. Rd1 Bc3 23. e5 f5 24. Bd2 dxe5 25. fxe5 Nxe5 26. Nxe5 Bxe5 27. Bxh6 Rh8 28.
Bc1 Rh4 29. Re2 Rdh8 30. Rde1 Bd6 31. Bg5 Rd4 32. Qf3 Rh7 33. Re6 Rg4 34. Bxe7
Bxe7 35. d6 Bxd6 36. Qa8+ Qb8 37. Re8+ Kd7 38. Rxb8 1-0

[Event "European Rapid 2014"]
[Site "Wroclaw POL"]
[Date "2014.12.20"]
[Round "7.50"]
[White "Kowalczyk, Mariusz"]
[Black "Bindrich, Falko"]
[Result "0-1"]
[BlackTitle "GM"]
[WhiteElo "2003"]
[BlackElo "2610"]
[WhiteFideId "1126202"]
[BlackFideId "4676670"]
[EventDate "2014.12.20"]

1. f4 d5 2. Nf3 c5 3. b3 Nc6 4. Bb2 Bg4 5. e3 a6 6. Be2 Nf6 7. O-O g6 8. h3 Bxf3
9. Bxf3 Bg7 10. d3 O-O 11. Nd2 Qc7 12. c4 Rad8 13. Qe2 e5 14. cxd5 Nxd5 15. Bxd5
Rxd5 16. Nc4 Re8 17. f5 Qd8 18. Rad1 Nb4 19. e4 Rd7 20. Bc3 Nxd3 21. Ba5 Nf4 22.
Qg4 Rxd1 23. Bxd8 Rdxd8 24. fxg6 hxg6 25. Rd1 b5 26. Ne3 Rd4 27. Rxd4 exd4 28.
Qxf4 dxe3 29. Kf1 Bd4 30. Ke2 Re6 31. e5 Rxe5 32. g4 Re6 33. b4 Rf6 34. Qb8+ Kg7 0-1

[Event "European Rapid 2014"]
[Site "Wroclaw POL"]
[Date "2014.12.20"]
[Round "7.51"]
[White "Plat, Vojtech"]
[Black "Marie, Maxime"]
[Result "1-0"]
[WhiteTitle "IM"]
[BlackTitle "CM"]
[WhiteElo "2432"]
[BlackElo "2232"]
[WhiteFideId "325740"]
[BlackFideId "625590"]
[EventDate "2014.12.20"]

1. e4 c5 2. Nf3 Nc6 3. c3 Nf6 4. d3 g6 5. Be3 b6 6. h3 Bg7 7. Nbd2 O-O 8. Be2 d5
9. e5 Ne8 10. d4 a5 11. O-O a4 12. Bb5 Bd7 13. Bxc6 Bxc6 14. dxc5 bxc5 15. Bxc5
Nc7 16. Bd4 a3 17. b3 Nb5 18. Rc1 Bb7 19. Re1 e6 20. Nf1 Qe7 21. Ne3 h5 22. g4
Nxd4 23. Qxd4 f6 24. Ng2 fxe5 25. Nxe5 hxg4 26. Qxg4 Qf6 27. f4 Rad8 28. Nxg6
Rfe8 29. Re5 d4 30. cxd4 Rxd4 31. Rc7 Be4 32. Rg5 Bf5 33. Qh5 Rd2 34. Ne5 Rxg2+
35. Rxg2 1-0

[Event "European Rapid 2014"]
[Site "Wroclaw POL"]
[Date "2014.12.20"]
[Round "7.52"]
[White "Kantans, Toms"]
[Black "Cechura, Petr"]
[Result "1-0"]
[WhiteTitle "IM"]
[WhiteElo "2447"]
[BlackElo "2186"]
[WhiteFideId "11602945"]
[BlackFideId "314846"]
[EventDate "2014.12.20"]

1. e4 c5 2. Nf3 a6 3. c4 Nc6 4. d4 cxd4 5. Nxd4 e6 6. Nc3 Nxd4 7. Qxd4 Ne7 8.
Be3 Nc6 9. Qd2 d6 10. Be2 Be7 11. O-O O-O 12. Rfd1 Qa5 13. a3 Rd8 14. b4 Qe5 15.
f4 Qf6 16. Bf3 Bd7 17. Bb6 Rdc8 18. e5 dxe5 19. Qxd7 exf4 20. Bxc6 bxc6 21. Ne4
Qg6 22. Qxe7 Qxe4 23. Rd7 Rf8 24. Bd4 Rae8 25. Qg5 e5 26. Bc5 h6 27. Qh4 Re6 28.
Re1 Qc2 29. Bxf8 Rg6 30. Qf2 Qxc4 31. Rd8 Kh7 32. Rxe5 Qc3 33. Ree8 f3 34. g3
Qa1+ 35. Re1 Qxa3 36. Bc5 Qb3 37. Qd2 a5 38. bxa5 Qc4 39. Bf2 c5 40. Qd3 Qa2 41.
Ree8 Qa1+ 42. Be1 f2+ 43. Kxf2 Qf6+ 44. Kg1 1-0

[Event "European Rapid 2014"]
[Site "Wroclaw POL"]
[Date "2014.12.20"]
[Round "7.53"]
[White "Pakleza, Zbigniew"]
[Black "Berzinsh, Ivars"]
[Result "1-0"]
[WhiteTitle "IM"]
[WhiteElo "2498"]
[BlackElo "2181"]
[WhiteFideId "1119290"]
[BlackFideId "11600764"]
[EventDate "2014.12.20"]

1. d4 Nf6 2. Nf3 e6 3. Bf4 Bd6 4. Bg3 Bxg3 5. hxg3 d6 6. Nc3 b6 7. e4 Bb7 8. e5
dxe5 9. Nxe5 Nbd7 10. Qe2 Nxe5 11. dxe5 Nd5 12. Ne4 Qe7 13. Qb5+ Qd7 14. Qxd7+
Kxd7 15. O-O-O Ke7 16. a3 Ne3 17. fxe3 Bxe4 18. Rh4 Bd5 19. Bd3 h6 20. e4 Bc6
21. g4 Rhd8 22. Rdh1 Rd4 23. Kd2 Rad8 24. Ke3 Bb7 25. g5 hxg5 26. Rh7 Kf8 27.
R1h5 c5 28. Rxg5 c4 29. Rh8+ Ke7 30. Rxd8 Rxd8 31. Bxc4 g6 32. Rg3 Rd1 33. Bd3
Re1+ 34. Kf2 Ra1 35. Rh3 Ra2 36. Rh1 Rxb2 37. Ra1 Bc6 38. Ke3 Bb5 39. g4 Bxd3
40. cxd3 b5 41. a4 b4 42. a5 b3 43. Ra4 Ra2 44. Rb4 b2 45. Kf4 Kd7 46. d4 Ke7
47. Kg5 Rxa5 48. Rb7+ Ke8 49. Rxb2 Ra4 50. Rb8+ Ke7 51. Rb7+ Ke8 52. Kf6 Rxd4
53. Re7+ Kd8 54. Rxf7 a5 55. g5 Rxe4 56. Ra7 Rf4+ 57. Kxe6 Rf5 58. Kd6 Kc8 59.
e6 Rf1 60. Rxa5 Rd1+ 61. Rd5 Rxd5+ 62. Kxd5 Kc7 63. Ke5 Kc6 64. Kf6 1-0

[Event "European Rapid 2014"]
[Site "Wroclaw POL"]
[Date "2014.12.20"]
[Round "7.54"]
[White "Jaroch, Karol"]
[Black "Matnadze, Ana"]
[Result "0-1"]
[BlackTitle "IM"]
[WhiteElo "2159"]
[BlackElo "2411"]
[WhiteFideId "1130609"]
[BlackFideId "13601377"]
[EventDate "2014.12.20"]

1. e4 c6 2. d4 g6 3. Nc3 Bg7 4. Be3 d5 5. Qd2 dxe4 6. Nxe4 Nd7 7. Nf3 Ndf6 8.
Nxf6+ exf6 9. O-O-O Ne7 10. Bh6 O-O 11. Bxg7 Kxg7 12. h4 h5 13. Re1 a5 14. Bd3
Qd6 15. Qc3 Be6 16. Kb1 Nd5 17. Qd2 b5 18. Be4 a4 19. c3 Rfb8 20. Ka1 Nb6 21.
Re2 b4 22. Rhe1 Nc4 23. Qc2 b3 24. Qd3 a3 25. d5 axb2+ 0-1

[Event "European Rapid 2014"]
[Site "Wroclaw POL"]
[Date "2014.12.20"]
[Round "7.55"]
[White "Stachowiak, Kamil"]
[Black "Balint, Vilmos"]
[Result "1-0"]
[WhiteTitle "IM"]
[WhiteElo "2449"]
[BlackElo "2181"]
[WhiteFideId "1119966"]
[BlackFideId "718050"]
[EventDate "2014.12.20"]

1. d4 Nf6 2. c4 e6 3. Nc3 d5 4. cxd5 exd5 5. Bg5 Be7 6. e3 O-O 7. Bd3 h6 8. Bh4
c6 9. Nf3 Ne4 10. Bg3 Bf5 11. Qc2 Qa5 12. O-O Nxg3 13. hxg3 Bxd3 14. Qxd3 Nd7
15. a3 a6 16. Nd2 Rfe8 17. b4 Qc7 18. Nb3 b5 19. Rfe1 Nb6 20. e4 dxe4 21. Nxe4
Rad8 22. Na5 Na4 23. Rac1 c5 24. Nxc5 Nxc5 25. Qf3 Rxd4 26. Rxc5 Qd7 27. Rce5
Rd6 28. Qe2 Rd2 29. Qe4 Rd4 30. Qf3 Rd6 31. Qb3 Kf8 32. Qe3 Rd1 33. Rxd1 Qxd1+
34. Kh2 Qd7 35. Qb6 Qd6 36. Qe3 Qd7 37. Qf3 Bf6 38. Rxe8+ Qxe8 39. Nb3 Qc8 40.
Nc5 a5 41. Qd5 axb4 42. axb4 Be7 43. Nd3 Qe8 44. f4 Kg8 45. Qe4 Qd7 46. Ne5 Qd1
47. Qf5 Qd5 48. Ng6 Qd6 49. Nxe7+ Qxe7 50. Qxb5 h5 51. Qc5 Qe4 52. b5 h4 53.
Qc8+ Kh7 54. Qh3 1-0

[Event "European Rapid 2014"]
[Site "Wroclaw POL"]
[Date "2014.12.20"]
[Round "7.56"]
[White "Klykow, Lukasz"]
[Black "Mihok, Oliver"]
[Result "0-1"]
[BlackTitle "IM"]
[WhiteElo "2150"]
[BlackElo "2464"]
[WhiteFideId "1106767"]
[BlackFideId "728012"]
[EventDate "2014.12.20"]

1. e4 e5 2. Nf3 Nc6 3. Bb5 a6 4. Ba4 Nf6 5. O-O Be7 6. d3 d6 7. a3 O-O 8. Nc3 b5
9. Bb3 Bg4 10. Be3 Na5 11. Ba2 c5 12. Nd5 Nc6 13. Nxf6+ Bxf6 14. Bd5 Rc8 15. a4
Nb4 16. axb5 Nxd5 17. exd5 axb5 18. h3 Bh5 19. g4 Bg6 20. Nd2 Qd7 21. Ne4 Be7
22. Ng3 Qb7 23. Qf3 Ra8 24. Kh2 Rxa1 25. Rxa1 Ra8 26. Rg1 c4 27. Nf5 cxd3 28.
cxd3 Bf8 29. h4 f6 30. g5 Qd7 31. Ng3 fxg5 32. Bxg5 Qf7 33. Qxf7+ Bxf7 34. Nf5
Ra7 35. Bf6 Bg6 36. Nxg7 Bxg7 37. Bxg7 Rxg7 0-1

[Event "European Rapid 2014"]
[Site "Wroclaw POL"]
[Date "2014.12.20"]
[Round "7.57"]
[White "Polok, Kacper"]
[Black "Nagy, Gabor1"]
[Result "0-1"]
[BlackTitle "IM"]
[WhiteElo "2228"]
[BlackElo "2422"]
[WhiteFideId "1137158"]
[BlackFideId "737119"]
[EventDate "2014.12.20"]

1. e4 c5 2. Nf3 d6 3. d4 cxd4 4. Nxd4 Nf6 5. Nc3 Nc6 6. f3 e6 7. Be3 Be7 8. Qd2
O-O 9. O-O-O a6 10. g4 Nxd4 11. Qxd4 b5 12. h4 Nd7 13. f4 Rb8 14. g5 b4 15. Ne2
Bb7 16. Ng3 e5 17. fxe5 Nxe5 18. Nf5 Re8 19. Bg2 Bf8 20. h5 Rc8 21. Bf4 Rc4 22.
Qf2 Qc7 23. Ne3 Rxe4 24. Bxe4 Bxe4 25. Nd5 Qc6 26. Nf6+ gxf6 27. gxf6 Bxh1 28.
Bxe5 dxe5 29. Qg3+ Kh8 30. Qg5 Be4 0-1

[Event "European Rapid 2014"]
[Site "Wroclaw POL"]
[Date "2014.12.20"]
[Round "7.58"]
[White "Strozyk, Tomasz"]
[Black "Fargere, Francois"]
[Result "1/2-1/2"]
[BlackTitle "GM"]
[WhiteElo "2227"]
[BlackElo "2418"]
[WhiteFideId "1103431"]
[BlackFideId "615935"]
[EventDate "2014.12.20"]

1. d4 d5 2. Nf3 Nf6 3. Bg5 Ne4 4. Bf4 g6 5. e3 Bg7 6. c3 O-O 7. h4 c5 8. h5 Qb6
9. Qb3 Nc6 10. Nbd2 Nxd2 11. Nxd2 e5 12. dxe5 Nxe5 13. Be2 Be6 14. Qxb6 axb6 15.
a3 Bf5 16. Bxe5 Bxe5 17. Nf3 Bf6 18. Rd1 Rad8 19. hxg6 hxg6 20. O-O Rd6 21. Rd2
Rfd8 22. Rfd1 Kf8 23. Kf1 Ke7 24. Bd3 Bg4 25. Be2 Be6 26. Kg1 g5 27. Rc1 g4 28.
Nh2 Rg8 29. Nf1 Be5 30. Rdd1 f5 31. f4 Bf6 32. g3 Rh8 33. Kf2 Rdd8 34. Rc2 d4
35. Rcc1 Bb3 36. Rd2 dxc3 37. bxc3 Rh2+ 38. Ke1 Rxd2 39. Nxh2 Ra2 40. e4 fxe4
41. Nxg4 Bg7 42. Ne3 Ra1 43. Nf5+ Kf8 44. Kd2 Rxc1 45. Kxc1 Bxc3 46. Nd6 e3 47.
g4 Bd5 48. g5 Ke7 49. Nf5+ Kf7 50. Nxe3 Be4 51. Bh5+ Kg7 52. Kd1 b5 53. Ke2 b4
54. axb4 cxb4 55. f5 b3 56. f6+ Bxf6 57. gxf6+ Kxf6 58. Nd1 Ke5 59. Ke3 Bc2 60.
Nb2 b5 1/2-1/2

[Event "European Rapid 2014"]
[Site "Wroclaw POL"]
[Date "2014.12.20"]
[Round "7.59"]
[White "Jacek, Krystian"]
[Black "Brodowski, Piotr"]
[Result "1-0"]
[WhiteElo "2165"]
[BlackElo "2425"]
[WhiteFideId "1133780"]
[BlackFideId "1124480"]
[EventDate "2014.12.20"]

1. e4 c5 2. Nf3 Nc6 3. d4 cxd4 4. Nxd4 Nf6 5. Nc3 e5 6. Ndb5 d6 7. a4 a6 8. Na3
Bg4 9. f3 Be6 10. Bc4 Rc8 11. Nd5 Bxd5 12. exd5 Ne7 13. c3 Qb6 14. b4 g6 15. a5
Qa7 16. Qa4+ Nd7 17. Ke2 Bg7 18. Be3 Qb8 19. b5 Nf5 20. Bf2 Ke7 21. g4 Nh6 22.
bxa6 bxa6 23. Bxa6 Rxc3 24. Rab1 Qa8 25. Bb7 Qd8 26. Nb5 Rc5 27. a6 Nb6 28. Qb3
e4 29. Bxc5 dxc5 30. d6+ Kf8 31. Bxe4 f5 32. gxf5 gxf5 33. Bc6 Qh4 34. Qe6 Bf6
35. Nc7 Ng4 36. fxg4 Bd4 37. Qxf5+ 1-0

[Event "European Rapid 2014"]
[Site "Wroclaw POL"]
[Date "2014.12.20"]
[Round "7.60"]
[White "Janaszak, Dawid"]
[Black "Piotrowski, Przemyslaw"]
[Result "1/2-1/2"]
[WhiteTitle "FM"]
[WhiteElo "2363"]
[BlackElo "2200"]
[WhiteFideId "1119206"]
[BlackFideId "1127063"]
[EventDate "2014.12.20"]

1. Nf3 Nf6 2. c4 g6 3. g3 Bg7 4. Bg2 O-O 5. Nc3 c5 6. d4 d6 7. O-O Nc6 8. e3 Rb8
9. b3 a6 10. Bb2 b5 11. cxb5 axb5 12. Ne2 Bb7 13. dxc5 dxc5 14. Qc2 Nb4 15. Qxc5
Nd3 16. Qd4 e5 17. Qxd8 Rfxd8 18. Rab1 Nd5 19. Ne1 N5b4 20. Nxd3 Nxd3 21. Nc1
Bxg2 22. Kxg2 Nxb2 23. Rxb2 e4 24. Rc2 Rbc8 25. Rxc8 Rxc8 26. Rd1 Rc2 27. Kf1 b4
28. Ne2 Rxa2 29. Rd8+ Bf8 30. Nd4 Ra1+ 31. Kg2 Rb1 32. g4 Kg7 33. Re8 Bc5 34.
Rxe4 Bxd4 35. Rxd4 Rxb3 36. g5 h6 37. h4 Rb1 38. Rd7 h5 39. Rb7 b3 40. Kh2 Kf8
41. Kg2 Ke8 42. Kh2 b2 43. Kg2 Kd8 44. Rb3 Kd7 45. Rb7+ Kc6 46. Rb8 Kc5 47. Rb7
Kc4 48. Rb8 Kd3 49. Kf3 Kd2 50. Rd8+ Ke1 51. Rb8 Kf1 52. Rb7 Kg1 53. Kg3 Kh1 54.
Kh3 Kg1 55. Kg3 Kf1 56. Kf3 Ke1 57. Rb6 Kd2 58. Rb7 Kc2 59. Rc7+ Kb3 60. Rb7+
Kc4 61. Rb8 Kd5 62. Rb5+ Kc6 63. Rb8 Rh1 64. Rxb2 Rxh4 65. Rb8 Rg4 66. Rf8 1/2-1/2

[Event "European Rapid 2014"]
[Site "Wroclaw POL"]
[Date "2014.12.20"]
[Round "7.61"]
[White "Jagodzinski, Piotr"]
[Black "Sadzikowski, Daniel"]
[Result "1/2-1/2"]
[BlackTitle "IM"]
[WhiteElo "2254"]
[BlackElo "2492"]
[WhiteFideId "1136593"]
[BlackFideId "1132253"]
[EventDate "2014.12.20"]

1. Nf3 Nf6 2. b3 d6 3. Bb2 e5 4. e3 Be7 5. Be2 O-O 6. O-O Nbd7 7. d3 c6 8. c4
Re8 9. Qc2 Nf8 10. Nbd2 Ng6 11. a3 Bf8 12. Rfe1 h6 13. Rad1 Nh7 14. d4 exd4 15.
Bxd4 Nh4 16. Bb2 Bf5 17. Qc3 Nxf3+ 18. Nxf3 Qe7 19. Rd4 Nf6 20. Bd3 Bxd3 21.
Qxd3 d5 22. Rd1 dxc4 23. Qxc4 Qe6 24. Qc2 Nd5 25. Rh4 Rad8 26. h3 Ne7 27. Nd4
Qg6 28. Qc1 Rd5 29. Rg4 Rg5 30. Rxg5 Qxg5 31. Nf3 Qf5 32. Qc4 Nd5 33. Qd3 Qxd3
34. Rxd3 f6 35. g4 Kf7 36. Kg2 a5 37. Nd4 g6 38. Kf3 Bc5 39. Nc2 Ke6 40. Bd4
Bxd4 41. Nxd4+ Ke7 42. h4 Rg8 43. e4 Nb6 44. h5 Nd7 45. Kf4 Ne5 46. Rd1 Kf7 47.
hxg6+ Nxg6+ 48. Ke3 Ne7 49. f3 Rd8 50. Rh1 Kg6 51. Ne2 Rd6 52. Nf4+ Kg7 53. Nh5+
Kg6 54. Nf4+ Kg7 55. Nh5+ Kg6 56. f4 c5 57. f5+ Kg5 58. Nf4 Nc6 59. Ne6+ Kxg4
60. Rxh6 Ne5 61. Nxc5 b6 62. Ne6 Rd3+ 63. Ke2 Rxb3 64. Rxf6 Rxa3 65. Rf8 Ra2+
66. Ke3 Ra3+ 67. Kd4 Nf3+ 68. Kd5 Rd3+ 69. Kc4 Ne5+ 70. Kb5 Rb3+ 71. Ka6 a4 72.
Rg8+ Kh4 73. f6 a3 74. Nd4 Rd3 75. Nf5+ Kh3 76. Kxb6 a2 77. Rg1 Nd7+ 78. Kc6
Nxf6 79. e5 Ng8 80. e6 Ra3 81. Ra1 Ra6+ 82. Kd7 Nf6+ 83. Ke7 Nd5+ 84. Kf7 Kg4
85. e7 Nxe7 86. Nxe7 1/2-1/2

[Event "European Rapid 2014"]
[Site "Wroclaw POL"]
[Date "2014.12.20"]
[Round "7.62"]
[White "Pischikov, Vadim"]
[Black "Weichhold, Pawel"]
[Result "0-1"]
[BlackTitle "IM"]
[WhiteElo "2176"]
[BlackElo "2405"]
[WhiteFideId "4100280"]
[BlackFideId "1139703"]
[EventDate "2014.12.20"]

1. d4 Nf6 2. c4 g6 3. Nc3 Bg7 4. e4 O-O 5. Be2 d6 6. Bg5 h6 7. Be3 c5 8. d5 e6
9. Nf3 Re8 10. O-O exd5 11. exd5 Bf5 12. Bd3 Bg4 13. h3 Bxf3 14. Qxf3 Nbd7 15.
Qg3 Nh5 16. Qf3 Ne5 17. Qd1 Qh4 18. Nb5 Rad8 19. Rc1 a6 20. Na3 Re7 21. Be2 Nf4
22. Re1 Nxe2+ 23. Rxe2 Rde8 24. Qd2 Qe4 25. b3 Nd3 26. Nb1 Nxc1 27. Qxc1 Qd3 28.
Re1 Bd4 29. Rd1 Bxe3 0-1

[Event "European Rapid 2014"]
[Site "Wroclaw POL"]
[Date "2014.12.20"]
[Round "7.63"]
[White "Lercel, Michal"]
[Black "Licznerski, Lukasz"]
[Result "1/2-1/2"]
[BlackTitle "FM"]
[WhiteElo "2222"]
[BlackElo "2318"]
[WhiteFideId "1114700"]
[BlackFideId "1179250"]
[EventDate "2014.12.20"]

1. d4 Nf6 2. c4 c5 3. Nf3 cxd4 4. Nxd4 e5 5. Nb5 d5 6. cxd5 Bc5 7. e3 O-O 8.
N5c3 e4 9. Be2 Qe7 10. Nd2 Rd8 11. O-O Bf5 12. Qb3 Na6 13. Rd1 Nb4 14. Nf1 Qe5
15. Ng3 Bg6 16. Bd2 h5 17. h4 Nbxd5 18. Nxd5 Nxd5 19. Rac1 b6 20. Bc4 a5 21. a3
a4 22. Qb5 Rd6 23. Ba2 Nc7 24. Qe2 Qxb2 25. Bc4 Rad8 26. Nf1 Qf6 27. Bc3 Qxh4
28. Rxd6 Rxd6 29. Qb2 Qe7 30. Bxg7 Bxa3 31. Qxa3 Kxg7 32. Rd1 Rd7 33. Qxa4 Rxd1
34. Qxd1 Qe5 35. Qb3 b5 36. Be2 Kg8 37. Qb4 Qd5 38. Nd2 Qc6 39. Nb3 Qd5 40. Nd4
Qa2 41. Qe7 Qa1+ 42. Kh2 Qc3 43. Qd8+ Kg7 44. Qd6 b4 45. Nc6 b3 46. Qxc7 b2 47.
Qb8 Qc2 48. Nd4 Qc1 49. Qe5+ Kh7 50. Bxh5 b1=Q 51. Bxg6+ Kxg6 52. Qg3+ Kf6 53.
Qd6+ Kg5 54. Qf4+ Kg6 55. Qg3+ Kh7 56. Qh4+ Kg8 57. Qd8+ Kh7 58. Qh4+ Kg6 59.
Qg3+ Kf6 60. Qd6+ Kg7 61. Nf5+ Kg8 62. Qd8+ Kh7 63. Qh4+ Kg6 64. Ne7+ Kg7 65.
Nf5+ Kg6 66. Ne7+ Kg7 67. Nf5+ Kg6 1/2-1/2

[Event "European Rapid 2014"]
[Site "Wroclaw POL"]
[Date "2014.12.20"]
[Round "7.65"]
[White "Wieczorek, Oskar"]
[Black "Lach, Piotr"]
[Result "1/2-1/2"]
[WhiteTitle "IM"]
[WhiteElo "2425"]
[BlackElo "2128"]
[WhiteFideId "1133950"]
[BlackFideId "1126059"]
[EventDate "2014.12.20"]

1. Nf3 f5 2. g3 Nf6 3. Bg2 g6 4. O-O Bg7 5. d4 d6 6. Nc3 O-O 7. Qd3 d5 8. Bf4 c6
9. Na4 b6 10. c4 Ne4 11. Rac1 Be6 12. cxd5 Bxd5 13. Nc3 Nxc3 14. bxc3 Nd7 15.
Ng5 Nf6 16. Bxd5+ Qxd5 17. c4 Qd7 18. Be5 Rfd8 19. Rfd1 Bh6 20. h4 Ne4 21. Bf4
Nxg5 22. hxg5 Bg7 23. e3 e5 24. Qe2 exf4 25. gxf4 Qe6 26. Qf3 Qe4 27. Qxe4 fxe4
28. f3 Re8 29. Kf2 Rad8 30. d5 c5 31. fxe4 Rxe4 32. Kf3 Rde8 33. Rd3 Bf8 34. d6
R4e6 35. Rcd1 Rd8 36. d7 Bg7 37. Rd5 Kf7 38. a4 Rc6 39. e4 Bd4 40. Rh1 Kg7 41.
e5 Re6 42. Ke4 Re7 43. f5 gxf5+ 44. Kxf5 Rdxd7 45. e6 Rc7 46. Rd8 Rc6 47. Rh6
Be3 48. Rf6 Bxg5 49. Kxg5 Rcxe6 50. Rxe6 Rxe6 51. Rd7+ Kg8 52. Rxa7 Rd6 53. Rb7 1/2-1/2

[Event "European Rapid 2014"]
[Site "Wroclaw POL"]
[Date "2014.12.20"]
[Round "7.66"]
[White "Grossmann, Ryszard"]
[Black "Zawadzka, Jolanta"]
[Result "0-1"]
[WhiteTitle "FM"]
[BlackTitle "WGM"]
[WhiteElo "2124"]
[BlackElo "2419"]
[WhiteFideId "1102214"]
[BlackFideId "1122320"]
[EventDate "2014.12.20"]

1. c4 e5 2. Nc3 Nf6 3. Nf3 Nc6 4. g3 Bc5 5. Bg2 O-O 6. O-O d6 7. d3 a6 8. Ne1
Ba7 9. Nc2 Nd4 10. Bg5 h6 11. Bd2 c6 12. Rb1 Bg4 13. h3 Be6 14. Kh2 Qd7 15. b4
b5 16. Ne3 Rab8 17. a4 d5 18. cxd5 cxd5 19. axb5 axb5 20. Na2 Rfc8 21. Nc1 Bb6
22. Rb2 Qa7 23. Kg1 Qa1 24. Ra2 Qb1 25. Ra6 Rc6 26. g4 Rbc8 27. Nf5 Bxf5 28.
gxf5 Nxf5 29. Nb3 Qxd1 30. Rxd1 Bxf2+ 31. Kxf2 Rxa6 32. Nc5 Ra2 33. Ke1 Nd4 34.
e4 Nc2+ 35. Kf1 d4 36. Ke2 Nxb4 0-1

[Event "European Rapid 2014"]
[Site "Wroclaw POL"]
[Date "2014.12.21"]
[Round "8.1"]
[White "Kovalenko, Igor"]
[Black "Shimanov, Aleksandr"]
[Result "1-0"]
[WhiteTitle "GM"]
[BlackTitle "GM"]
[WhiteElo "2653"]
[BlackElo "2591"]
[WhiteFideId "14117908"]
[BlackFideId "4198603"]
[EventDate "2014.12.20"]

1. d4 Nf6 2. c4 e6 3. Nf3 d5 4. Nc3 c6 5. e3 a6 6. Qc2 c5 7. cxd5 exd5 8. Be2
Be6 9. O-O Nc6 10. Rd1 cxd4 11. Nxd4 Nxd4 12. Rxd4 Bc5 13. Rd1 Qe7 14. Bf3 O-O
15. Nxd5 Nxd5 16. Bxd5 Bxd5 17. Rxd5 Rac8 18. Qd3 Rfd8 19. g3 Rxd5 20. Qxd5 Rd8
21. Qf3 Qd7 22. b3 f6 23. Kg2 b6 24. Bb2 Qd2 25. Bd4 Bxd4 26. Rd1 Qxa2 27. Rxd4
Rxd4 28. exd4 Qd2 29. Qd5+ Kf8 30. Qd8+ Kf7 31. Qxb6 Qd3 32. Qb7+ Kg6 33. Qd5 h5
34. h4 Kh6 35. b4 Kg6 36. Qc5 Qe4+ 37. Kh2 Qf3 38. d5 Kf7 39. Qa7+ Ke8 40. d6
Qe2 41. Qc5 Qg4 42. Qc6+ Qd7 43. Qxa6 Kf7 44. Qc4+ Kf8 45. Qd5 g5 46. hxg5 h4
47. g6 hxg3+ 48. Kxg3 1-0

[Event "European Rapid 2014"]
[Site "Wroclaw POL"]
[Date "2014.12.21"]
[Round "8.2"]
[White "Duda, Jan-Krzysztof"]
[Black "Bortnyk, Olexandr"]
[Result "1-0"]
[WhiteTitle "GM"]
[BlackTitle "IM"]
[WhiteElo "2603"]
[BlackElo "2533"]
[WhiteFideId "1170546"]
[BlackFideId "14120828"]
[EventDate "2014.12.20"]

1. e4 Nf6 2. e5 Nd5 3. d4 d6 4. c4 Nb6 5. exd6 exd6 6. Nc3 Be7 7. Bd3 Nc6 8.
Nge2 Bg4 9. f3 Bh5 10. O-O O-O 11. b3 Bf6 12. Be3 Re8 13. Qd2 d5 14. c5 Nc8 15.
Rad1 Bg6 16. Bxg6 hxg6 17. g4 b6 18. Kg2 Qd7 19. Bf2 Nd8 20. Nf4 Bg5 21. Ncxd5
c6 22. h4 Bxh4 23. Bxh4 cxd5 24. Bxd8 Rxd8 25. Rh1 Ne7 26. Rh2 Rac8 27. Rdh1 f6
28. b4 bxc5 29. dxc5 g5 30. Nh5 Ng6 31. Qd3 Qf7 32. Kf2 Re8 33. Ng3 Nh4 34. Nf5
d4 35. Nxh4 Qxa2+ 36. Kg3 gxh4+ 37. Rxh4 Kf7 38. Rh7 Qd5 39. Rxg7+ Kxg7 40. Rh7+
Kf8 41. Qg6 Re3 42. Qg7+ Ke8 43. Rh8+ 1-0

[Event "European Rapid 2014"]
[Site "Wroclaw POL"]
[Date "2014.12.21"]
[Round "8.3"]
[White "Ragger, Markus"]
[Black "Moranda, Wojciech"]
[Result "0-1"]
[WhiteTitle "GM"]
[BlackTitle "GM"]
[WhiteElo "2651"]
[BlackElo "2591"]
[WhiteFideId "1610856"]
[BlackFideId "1122401"]
[EventDate "2014.12.20"]

1. d4 Nf6 2. c4 e6 3. Nf3 Bb4+ 4. Nbd2 O-O 5. a3 Be7 6. e4 d6 7. Be2 Nbd7 8. Qc2
e5 9. Nb1 c6 10. Nc3 Re8 11. O-O Bf8 12. d5 c5 13. b4 g6 14. Ne1 a5 15. Rb1 axb4
16. axb4 b6 17. Be3 h5 18. f3 Ba6 19. Nb5 Bxb5 20. cxb5 h4 21. Nd3 Nh5 22. Ra1
Qf6 23. Ra6 Nf4 24. Rfa1 Rac8 25. Ra7 cxb4 26. Qd2 Nc5 27. Bxf4 exf4 28. Qxb4
Bg7 29. Rd1 h3 30. Nf2 hxg2 31. Kxg2 Qg5+ 32. Kh1 Qh4 33. Qe1 Nb3 34. Nd3 Qh6
35. Ra2 Nd4 36. Nf2 Qh4 37. Qg1 Rc3 38. Qg2 Rec8 39. Bd3 Qh5 40. Qg4 Qxg4 41.
fxg4 Bf6 42. Bf1 Nf3 43. Nd3 g5 44. Nb4 Rc1 45. Rxc1 Rxc1 46. Rf2 Ne5 47. h3 Nc4
48. Kh2 Ne3 49. Bg2 f3 50. Nd3 Be5+ 51. Nxe5 fxg2 52. Rxg2 Nxg2 0-1

[Event "European Rapid 2014"]
[Site "Wroclaw POL"]
[Date "2014.12.21"]
[Round "8.4"]
[White "Wojtaszek, Radoslaw"]
[Black "Chigaev, Maksim"]
[Result "1-0"]
[WhiteTitle "GM"]
[BlackTitle "IM"]
[WhiteElo "2744"]
[BlackElo "2494"]
[WhiteFideId "1118358"]
[BlackFideId "4108116"]
[EventDate "2014.12.20"]

1. Nf3 g6 2. e4 Bg7 3. d4 d6 4. c4 Nf6 5. Nc3 O-O 6. Be2 c6 7. O-O e5 8. d5 Na6
9. Be3 c5 10. Ne1 h5 11. f3 Bd7 12. a3 b6 13. Nd3 Qe7 14. Qd2 Nh7 15. b4 f5 16.
Rfb1 f4 17. Bf2 g5 18. bxc5 dxc5 19. a4 g4 20. a5 Qd6 21. Nb5 Qg6 22. Bh4 g3 23.
hxg3 Ng5 24. Kh1 Bf6 25. gxf4 exf4 26. Qxf4 Nxf3 27. gxf3 Bxa1 28. Qh2 Bg7 29.
Rg1 Qh7 30. Ne5 Bxb5 31. cxb5 Nb4 32. Bc4 Qh6 33. d6+ Kh7 34. Nf7 Rxf7 35. Bxf7
Bd4 36. Rg5 Nd3 37. Rxh5 1-0